Mutual funds (E-BOOK) (Record no. 193220)
[ view plain ]
| 000 -LEADER | |
|---|---|
| fixed length control field | 01248 a2200241 4500 |
| 003 - CONTROL NUMBER IDENTIFIER | |
| control field | Nust |
| 005 - DATE AND TIME OF LATEST TRANSACTION | |
| control field | 20170207154053.0 |
| 010 ## - LIBRARY OF CONGRESS CONTROL NUMBER | |
| LC control number | 2009013311 |
| 020 ## - INTERNATIONAL STANDARD BOOK NUMBER | |
| International Standard Book Number | 9780470499092 (cloth) |
| 040 ## - CATALOGING SOURCE | |
| Transcribing agency | Nust |
| 082 00 - DEWEY DECIMAL CLASSIFICATION NUMBER | |
| Classification number | 332.6327 |
| 100 1# - MAIN ENTRY--PERSONAL NAME | |
| Personal name | Haslem, John A. |
| 245 10 - TITLE STATEMENT | |
| Title | Mutual funds (E-BOOK) |
| Remainder of title | portfolio structures, analysis, management, and stewardship / |
| Statement of responsibility, etc. | John Haslem. |
| 260 ## - PUBLICATION, DISTRIBUTION, ETC. | |
| Place of publication, distribution, etc. | Hoboken, NJ : |
| Name of publisher, distributor, etc. | Wiley, |
| Date of publication, distribution, etc. | c2009. |
| 300 ## - PHYSICAL DESCRIPTION | |
| Extent | p. cm. |
| 490 0# - SERIES STATEMENT | |
| Series statement | Robert W. Kolb series |
| 500 ## - GENERAL NOTE | |
| General note | Includes index. |
| 505 0# - FORMATTED CONTENTS NOTE | |
| Formatted contents note | The nature of mutual funds / by Conrad Ciccotello -- Mutual fund regulation and issues / by Conrad Ciccotello -- The economics of mutual funds / by David M. Smith -- Mutual fund fees and expenses / by David M. Smith -- How financial markets work / by Larry E. Swedroe -- Active versus passive investing / by Larry E. Swedroe -- Efficient markets and mutual fund investing : the advantages of index funds / by Burton Malkiel -- Asset allocation : design and care of portfolios / by William J. Bernstein -- The Morningstar approach to mutual fund analysis : part I / by Don Phillips and Paul D. Kaplan. |
| 650 #0 - SUBJECT ADDED ENTRY--TOPICAL TERM | |
| Topical term or geographic name entry element | Investments. |
| 650 #0 - SUBJECT ADDED ENTRY--TOPICAL TERM | |
| Topical term or geographic name entry element | Mutual funds. |
| 650 #0 - SUBJECT ADDED ENTRY--TOPICAL TERM | |
| Topical term or geographic name entry element | Portfolio management. |
| 651 ## - SUBJECT ADDED ENTRY--GEOGRAPHIC NAME | |
| Geographic name | Mutual funds (E-BOOK) |
| 942 ## - ADDED ENTRY ELEMENTS (KOHA) | |
| Source of classification or shelving scheme | |
| Koha item type | Book |
| Withdrawn status | Lost status | Source of classification or shelving scheme | Damaged status | Not for loan | Collection code | Permanent Location | Current Location | Date acquired | Total Checkouts | Full call number | Barcode | Date last seen | Price effective from | Koha item type |
|---|---|---|---|---|---|---|---|---|---|---|---|---|---|---|
| Military College of Signals (MCS) | Military College of Signals (MCS) | 12/12/2016 | 332.6327 HAS | MCSEB-2497 | 12/08/2016 | 12/12/2016 | Book |
